000 00692nam a2200241Ia 4500
003 OSt
005 20220928113657.0
006 a|||||r|||| 00| 0
007 ta
008 220927b |||||||| |||| 00| 0 eng d
024 _a56408
037 _cTextual
040 _aSDCL
_cSDCL
_beng
041 _2eng
_aeng
082 _aY15.1'N7, L8
100 _aPhadnis Urmila Ed.
_9434435
245 0 _aWomen of the world
_b Illusion and reality
260 _aNew Delhi
_bVikas Publishing
_c1978
300 _avii,283p
_ccm.
700 _a Malani Indira Ed.
_9434436
942 _hY15.1'N7, L8
_cTEXL
_2CC
999 _c750772
_d750772